Tající výnosy investičních bank

Investičné bankovníctvo. Finančný sektor. Svetový ekonomický rozvoj. Poučenie z krízového vývoja.

Gespeichert in:
Bibliographische Detailangaben
1. Verfasser: Šulai, Miroslav
Format: Buchkapitel
Sprache:Tschechisch
Schlagworte:
Tags: Tag hinzufügen
Keine Tags, Fügen Sie das erste Tag hinzu!

MARC

LEADER 00000naa$a2200000$$$4500
001 0094104
005 20231129092603.5
041 0 |a cze 
044 |a CZ 
245 1 0 |a Tající výnosy investičních bank  |c Miroslav Šulai 
520 |a Investičné bankovníctvo. Finančný sektor. Svetový ekonomický rozvoj. Poučenie z krízového vývoja. 
610 2 0 |a bankovníctvo investičné 
610 2 0 |a kríza finančná 
610 2 0 |a výnosy 
610 2 0 |a vývoj hospodársky 
100 1 |a Šulai, Miroslav